[Event "Bundesliga 0405"]
[Site "Germany"]
[Date "2005.01.30"]
[Round "9.6"]
[White "Teske, Henrik"]
[Black "Mueller, Matthias"]
[Result "1-0"]
[WhiteElo "2538"]
[BlackElo "2362"]
[Annotator "Ftacnik,L"]
[PlyCount "121"]
[EventDate "2004.11.12"]
[EventType "team-tourn"]
[EventRounds "15"]
[EventCountry "GER"]
[SourceTitle "CBM 106"]
[Source "ChessBase"]
[SourceDate "2005.06.06"]
[SourceVersion "1"]
[SourceVersionDate "2005.06.06"]
[SourceQuality "1"]
[WhiteTeam "Tegernsee"]
[BlackTeam "Erfurt"]
[WhiteTeamCountry "GER"]
[BlackTeamCountry "GER"]

1. Nf3 d5 2. g3 Nf6 3. Bg2 e6 4. O-O c5 5. c4 Nc6 6. cxd5 exd5 7. d4 Be7 8. Nc3
O-O 9. Bg5 cxd4 10. Nxd4 h6 11. Be3 Re8 12. Rc1 Bf8 13. Nxc6 bxc6 14. Bd4 Nh7
15. Na4 Bg4 16. Re1 Qd7 17. Bc5 Ng5 18. Bxf8 Kxf8 19. Qc2 (19. Nc5 Qf5 20. Nb3
Rac8 21. f3 Bh3 22. Qc2 Qe6 23. Bxh3 Qxh3 24. Nd4 c5 25. Nf5 Re5 26. Nd6 Rc6
27. f4 Re6 28. fxg5 Rexd6 29. Qh7 Rg6 {0-1 Nikolac,J-Nunn,J/Dortmund 1979/ (59)
}) 19... Rac8 (19... Kg8 20. Nc5 Qe7 21. Nd3 Bf5 22. Qc5 Bxd3 23. Qxe7 Rxe7 24.
exd3 Rxe1+ 25. Rxe1 Rb8 26. Rc1 Rb6 27. b3 Ne6 28. Rc2 Nd4 {1/2-1/2 Adorjan,
A-Lobron,E/Indonesia 1983/ (82)}) 20. h4 Ne4 $2 {Mueller believes, that
counterplay against e2 square offers excellent compensation for the piece, but
white could have outsmarted him.} (20... Ne6 21. Qh7 f6 22. e3 $14) 21. Nc5 $6
(21. f3 $1 Nxg3 22. Qc5+ Kg8 (22... Qe7 23. Kf2 Nf5 24. fxg4 $16) 23. Qf2 $1 (
23. fxg4 Nxe2+ $15) 23... Qd6 24. fxg4 Ne4 25. Qf3 $16) 21... Nxc5 22. Qxc5+
Kg8 (22... Qe7 23. e3 Qxc5 24. Rxc5 d4 25. Rc4 $14) 23. e3 Qb7 (23... Bh3 24.
Bh1 Bf5 25. Red1 Re7 26. b4 Qe6 $132) 24. Qd4 (24. b4 Qa6 25. a4 Qxa4 26. Ra1
Qb3 27. Rxa7 $14) 24... Bf5 25. Rc5 {[%mdl 16] This type of structure is very
typical for the Tarrasch defense, white can play for win with timely advance
of the b pawn. The reduced number of pieces favours white due to the
structural advantage.} Be4 (25... Rb8 26. b3 Qa6 27. Rec1 Qxa2 28. Rxc6 Be4 29.
Bxe4 Rxe4 (29... dxe4 30. Rg6 fxg6 31. Rc7 $18) 30. Qxd5 Ree8 31. Rc7 $16) 26.
f3 (26. Rec1 Bxg2 27. Kxg2 Re6 28. a3 $14) 26... Bg6 27. Kf2 (27. b4 Rcd8 28.
a4 a6 29. Rec1 Re6 30. h5 Bh7 31. Bh3 Rf6 $14) 27... Qa6 (27... Rb8 $5 28. Re2
Re6 29. b3 Qa6 $11) 28. a3 Rb8 29. Bf1 Qc8 (29... Qb6 30. b4 Re6 31. Rec1 Rbe8
32. R1c3 $14) 30. b4 Rb6 31. Rec1 (31. b5 Qe6 32. bxc6 Rxc6 33. Rxd5 Qe7 34. a4
$14) 31... Qe6 32. R1c3 (32. a4 Reb8 33. b5 cxb5 34. axb5 $14) 32... Rd8 33.
Rc1 (33. a4 Rd6 34. b5 cxb5 35. axb5 $14) 33... Re8 34. a4 Reb8 (34... Rd8 35.
a5 Rb7 36. Rxc6 $16) 35. b5 $1 {Black did not manage to prevent the slow build
up of the position, white is much better now.} cxb5 36. axb5 Kh7 (36... Rd8 $2
37. h5 Bh7 38. Qxd5 $1 $18) (36... Rd6 37. Rc7 Ra8 38. Rxa7 $16) 37. Qxd5 Qxd5
38. Rxd5 h5 (38... f6 39. h5 Bf7 40. Rd7 Be8 41. Rxa7 Bxb5 42. Rcc7 Rg8 43. Bh3
$18) 39. Rd7 a6 (39... R6b7 40. Rcc7 Rxc7 41. Rxc7 Ra8 42. Bc4 f6 43. Ke2 $18)
40. bxa6 Rb2+ 41. Kg1 (41. Be2 Ra2 42. Kf1 Rbb2 43. Bc4 $18) 41... Ra2 42. e4 {
Teske has achieved technically winning position, since black's kingside is
also vulnerable.} Rbb2 43. Rdc7 Ra3 44. R7c3 Raa2 45. Re3 Ra5 46. Bc4 Rb4 47.
Rcc3 Rba4 (47... Rxc4 48. Rxc4 Rxa6 49. Rc7 $18) 48. e5 Rc5 $6 (48... Ra1+ 49.
Kf2 Kh6 50. e6 fxe6 51. Rxe6 $18) 49. Bxf7 $1 {White transposes into the rook
endgame with two extra passed pawns.} Rxc3 50. Bxg6+ Kxg6 51. Rxc3 Rxa6 52. Kf2
Kf5 53. f4 Ra2+ (53... Ke4 54. Rc4+ Kd5 55. Rc7 $18) 54. Kf3 Ra6 55. Rb3 Ra7
56. Ke3 Ra1 57. Kd4 Ra4+ 58. Kd5 g5 (58... Ra5+ 59. Kd6 Ra6+ 60. Ke7 $18) 59.
hxg5 h4 60. gxh4 Rxf4 61. e6 1-0

[Event "GER-ch 77th"]
[Site "Osterburg"]
[Date "2006.02.08"]
[Round "6"]
[White "Graf, Alexander"]
[Black "Meins, Gerlef"]
[Result "1-0"]
[WhiteElo "2604"]
[BlackElo "2446"]
[Annotator "Ftacnik,L"]
[PlyCount "75"]
[EventDate "2006.02.03"]
[EventType "swiss"]
[EventRounds "9"]
[EventCountry "GER"]
[SourceTitle "CBM 112"]
[Source "ChessBase"]
[SourceDate "2006.06.07"]
[SourceVersion "1"]
[SourceVersionDate "2006.06.07"]
[SourceQuality "1"]

1. d4 d5 2. c4 e6 3. Nc3 c5 4. cxd5 exd5 5. Nf3 Nc6 6. g3 Nf6 7. Bg2 Be7 8. O-O
O-O 9. Bg5 c4 10. e3 Be6 11. Nd2 {White is looking into other solution of this
famous position and avoids much played 11.Ne5.} Qa5 (11... Rc8 12. Bxf6 (12. a3
Qd7 13. Qe2 Rfd8 14. Rfd1 h6 15. Bxf6 Bxf6 16. Rac1 Ne7 17. Bf3 b5 18. b4 a5
19. bxa5 Ra8 20. e4 Rxa5 {1/2 Mrva,M (2447)-Mozny,M (2385)/Slovakia 2002/ (35)}
) 12... Bxf6 13. f4 Ne7 14. g4 g6 15. Bh3 Rc6 16. Qf3 a6 17. f5 Bc8 18. Rf2 b5
19. a3 {1/2 Volke,K (2460)-Bachmayr,P (2255)/Munich 1993/ (49)}) 12. a3 (12.
Bxf6 Bxf6 13. Qh5 g6 14. Qf3 Bg7 15. Rfc1 Rac8 16. b3 Nb4 17. bxc4 dxc4 18.
Nde4 Rfd8 19. h4 a6 20. Ng5 Nd3 $15 {1-0 Stean,M-Salazar Jacob,H/Santiago 1980/
(32)}) 12... h6 $6 {This prompting move is making black´s defense a bit more
complicated.} (12... Rfe8 13. Bxf6 Bxf6 14. Qh5 (14. b4 cxb3 15. Qxb3 (15. Qc1
$2 Nxd4 16. exd4 Bxd4 $19) 15... Red8 $11) 14... Rad8 15. Rfc1 g6 $11) 13. Bxf6
Bxf6 14. Qh5 Rad8 (14... Bg5 15. h4 g6 16. Qf3 Be7 17. Rfc1 Rad8 18. b4 Qb6 $11
) 15. Rfc1 Rd6 16. b3 b5 $2 (16... Rfd8 17. bxc4 dxc4 18. Qxa5 Nxa5 19. Nde4
Nb3 20. Nxd6 Rxd6 21. Bxb7 $14) 17. a4 $1 {Graf could not have asked for more
in this set up, black queenside pawn strcuture is falling apart.} g6 (17... b4
18. Nb5 Rdd8 19. bxc4 Ne7 20. Nb3 $16) 18. Qf3 (18. Qxh6 Qd8 19. h4 b4 20. Nb5
c3 21. Nxd6 Qxd6 $44) 18... Bxd4 (18... Bg7 19. axb5 $18) 19. exd4 Nxd4 20. Qf6
cxb3 (20... Nxb3 21. Nxb3 cxb3 22. Nxb5 Rb6 23. Qb2 $18) 21. Qxd4 b2 22. Nxb5
bxc1=Q+ (22... bxa1=Q 23. Rxa1 Rd7 24. Nb3 $18) 23. Rxc1 {The smoke has
settled and white can lean on the advanatage of excellent pieces and
domination of two light ones over the rook.} Ra6 24. Ra1 (24. Nc7 Qxa4 25. Qe5
Rc6 26. Ra1 Qb4 27. Nxd5 Bxd5 28. Bxd5 Qd6 29. Qxd6 Rxd6 30. Ne4 $18) 24... Qb6
(24... Rc8 25. Qf4 g5 26. Qd4 $16) 25. Qf4 Rc8 (25... g5 26. Qe5 Rc8 27. Nf1 $1
Rc5 28. Rd1 Rxa4 29. Nc3 Qb2 30. Rxd5 Rxd5 (30... Bxd5 31. Qe8+ Kg7 32. Nxa4
$18) 31. Bxd5 Ra5 32. Qf6 $16) 26. Bf1 (26. Qxh6 Bd7 27. Rb1 $18) 26... Qb8 (
26... g5 27. Qf3 Rc2 28. Qd3 $16) 27. Qxh6 Qe5 28. Nb3 $1 {White is still
perfectly in control and black manages no counterplay.} Bd7 29. Qd2 Bxb5 (29...
Qf6 30. N3d4 $18) 30. Bxb5 Rb6 31. Re1 Qd6 32. Nd4 a6 33. Bf1 Qb4 34. Qd1 $1
Qc3 (34... Rf6 35. f4 $18) 35. Ne2 Qb3 36. Qxb3 Rxb3 37. Nf4 Rc5 38. Bxa6 1-0

[Event "Capablanca Memorial Elite 30th"]
[Site "Matanzas"]
[Date "1995.??.??"]
[Round "12"]
[White "Borges Matos, Juan R"]
[Black "Garcia, Gildardo"]
[Result "1-0"]
[WhiteElo "2400"]
[BlackElo "2520"]
[Annotator "Ftacnik,L"]
[PlyCount "114"]
[EventDate "1995.05.??"]
[EventType "tourn"]
[EventRounds "13"]
[EventCountry "CUB"]
[EventCategory "11"]
[SourceTitle "CBM 048"]
[Source "ChessBase"]
[SourceDate "1995.10.01"]
[SourceVersion "1"]
[SourceVersionDate "1995.10.01"]
[SourceQuality "1"]

1. d4 {Baburin} d5 2. c4 e6 3. Nc3 c5 4. cxd5 exd5 5. Nf3 Nc6 6. g3 Nf6 7. Bg2
Be7 8. O-O O-O 9. Bg5 cxd4 10. Nxd4 h6 11. Be3 Re8 12. Rc1 Bf8 13. Nxc6 bxc6
14. Na4 {Baburin Typical plan: White wants to swap the dark squared B & start
exploiting the weakness of the dark squares (d4 & c5). This plan was first
employed by Akiba Rubinstein.} Bd7 15. Bc5 Qa5 (15... Ne4 16. Bxf8 Kxf8 17. Qd4
Kg8 18. Rfd1 Qa5 19. b3 Rad8 20. Rc2 Bf5 21. Rdc1 Qb5 22. Bf1 Rd6 23. Qxa7 d4
24. Rc5 Nxc5 25. Rxc5 d3 26. Rxb5 cxb5 27. Qc5 $16 {Schneider,A-Breutigam,M/
Delmenhorst/1987/1-0 (36)}) (15... Bg4 16. Re1 Qa5 (16... Bxc5 17. Nxc5 Qa5 18.
h3 Bf5 19. Qd4 $1 (19. Qa4 Qb6 (19... Qd2 20. Qf4 Qxf4 21. gxf4 Rab8 22. b3 {
0.5/Kramnik,V-Illescas Cordoba,M/Pamplona/1992/}) 20. b3 Re7 21. Qf4 Bg6 22. e3
Rae8 23. Qd4 Qa5 24. Re2 Bf5 25. b4 Qb5 26. Rb2 $13 {Scarella,E-Hernandez,Rom/
San Martin (03)/1994/0.5 (51)}) 19... Rab8 20. a3 Qb5 21. b3 $1 a5 (21... Ne4
$6 22. b4 $1 a5 $1 $8 23. Nxe4 Bxe4 24. Rc5 Qb6 25. bxa5 Qb2 26. Qxb2 Rxb2 27.
Rxc6 {Kasparov,G-Illescas Cordoba,M/Linares/1994/1-0 (43)}) 22. Kf1 Ne4 23.
Bxe4 dxe4 24. g4 Be6 25. Rc3 Bd5 26. Rb1 $14 {Vera,R-Salazar,H/Moscow olm (07)
CUB-CHI/1994/0.5 (41)}) 17. b3 Rac8 18. Qc2 Bxc5 19. Nxc5 Qa3 20. e3 Re7 21. h3
Bh5 22. Nd3 Bg6 23. Qc5 Qxc5 24. Nxc5 Rb8 25. Red1 Rb4 26. Bf1 {Estremera,
S-Illescas,M/Leon/1989/0-1 (53)}) (15... Bxc5 16. Nxc5 Bf5 17. e3 Rb8 18. b3 (
18. Qd2 Qb6 19. b3 Ne4 20. Qd4 Qa5 21. Qa4 Rb5 22. Qxa5 Rxa5 23. Bxe4 Bxe4 24.
a4 Rb8 25. f3 {1-0/Browne,W-Leski,M/San Francisco/1987/}) 18... Qa5 19. Qe2 Rb5
20. Na4 Bd7 21. Rfd1 Qb4 22. Qc2 Qg4 23. Rd4 Qg5 $132 {Ribli,Z-Gabriel,C/
Altensteig (07)/1992/0.5 (43)}) 16. Bxf8 Kxf8 17. Qc2 (17. e3 Rac8 18. Qc2 Re5
19. Qc5+ Qxc5 20. Nxc5 Bf5 21. Rc3 Rb8 22. b3 Ree8 23. Rd1 Rb4 24. h3 $14 {
Nalbandian,T-Touzane,O/Cannes op (01)/1995/1-0 (50)}) 17... Kg8 18. Nc5 Bg4 19.
Rfe1 Rab8 (19... Qxa2 20. Ra1 (20. f3 Be6 21. Ra1 Qc4 22. Qxc4 dxc4 23. Rec1
$14) 20... Rxe2 $1 21. Qxe2 Qxa1 22. f3 Qa5 $17) 20. b3 Re7 21. e3 Rbe8 {/\ d4}
22. h3 Bh5 23. Qb2 Bg6 24. Red1 Bf5 25. Rd4 Qc7 26. Qc3 {[%csl Rc6] White have
prevented counterplay with d5-d4 and has better chances to exploit the
weakness of the c6P.} h5 27. Na6 (27. Rf4 Qc8) 27... Qb7 28. Rf4 (28. Qxc6 $4
Rc8 $19) 28... Qxa6 (28... Be6 29. Nc5 Qb5 30. Rxf6 gxf6 31. Qxf6 $40) 29. Rxf5
Re6 30. Rf4 Ne4 $6 (30... Qxa2 $2 31. Ra1 Qe2 32. Bf1 $18) (30... R8e7 $14) 31.
Bxe4 dxe4 (31... Rxe4 32. Rxe4 dxe4 33. Qxc6 $16) 32. Rf5 {[%csl Ra7,Rc6,Rh5]
Black has many weak P and hardly any counterplay.} Qxa2 (32... g6 33. Ra5 Qb6
34. Rc5 $16) 33. Rxh5 Rf6 34. Qc2 Qxc2 (34... Qa6 35. Rc5 $16) 35. Rxc2 Rd6 (
35... Rb8 36. Rc3) 36. Rhc5 Ree6 (36... Rb8 37. Rxc6 Rxc6 38. Rxc6 Rxb3 39.
Rc8+ Kh7 40. Rc7 Kg6 41. Rxa7 $16) 37. Ra5 Re7 38. Ra6 Rc7 {[%csl Ra7,Rc6,Re4]
It is impossible to protect all the lonely P for very long.} (38... Rb7 39.
Raxc6 Rxc6 40. Rxc6 Rxb3 41. Rc8+ Kh7 42. Rc7 $16) 39. b4 g6 40. g4 (40. b5 $2
cxb5 $1) 40... g5 $6 41. Ra5 f6 42. Rac5 a6 (42... Rb7 43. Rxc6 Rxc6 44. Rxc6 {
xf6}) 43. Ra5 Ra7 44. Kg2 Kf7 45. Kg3 Kg6 46. Rc4 Re6 47. Rc2 Rd6 48. h4 $1 Kh6
(48... gxh4+ 49. Kxh4 Ra8 50. Kg3 Re6 51. Kf4 Ra7 52. Rc4 $18) 49. hxg5+ fxg5
50. Rcc5 Rb7 (50... Rg6 51. Re5 $18) 51. Rxg5 Rxb4 52. Rh5+ Kg6 53. Rxa6 Rc4
54. Raa5 Rf6 55. Rag5+ Kf7 56. Rf5 Rc2 57. Rh6 Ke6 $4 (57... Rxf5 58. gxf5 c5
59. Re6 $18) 1-0

[Event "EU-ch 2nd"]
[Site "Ohrid"]
[Date "2001.06.14"]
[Round "13"]
[White "Ekstroem, Roland"]
[Black "Bezgodov, Alexei"]
[Result "1-0"]
[WhiteElo "2492"]
[BlackElo "2543"]
[Annotator "Ftacnik,L"]
[PlyCount "69"]
[EventDate "2001.06.01"]
[EventType "swiss"]
[EventRounds "13"]
[EventCountry "YUG"]
[SourceTitle "CBM 084"]
[Source "ChessBase"]
[SourceDate "2001.09.13"]
[SourceVersion "1"]
[SourceVersionDate "2001.09.13"]
[SourceQuality "1"]

1. d4 d5 2. Nf3 c5 3. c4 e6 4. cxd5 exd5 5. g3 Nc6 6. Bg2 Nf6 7. O-O Be7 8. Nc3
O-O 9. Bg5 cxd4 10. Nxd4 h6 11. Bf4 Bg4 12. h3 Bd7 13. Rc1 Qb6 (13... Rc8 14.
Kh2 Be6 (14... Nxd4 15. Qxd4 Bc5 16. Qd3 Be6 17. Na4 Bd6 18. Bxd6 Qxd6 19. Qd4
Qa6 20. Bf3 {1-0 Gallego Jimenez,V-Vila Todosantos,J/Zaragoza 1993/ (41)}) 15.
Nxe6 fxe6 16. e4 d4 17. e5 dxc3 18. exf6 Qxd1 19. Rfxd1 Bxf6 20. bxc3 Na5 21.
Rd6 {1/2-1/2 Rodriguez,A-Vladimirov,E/Cienfuegos/1986/ (21)}) 14. Nb3 Rad8 15.
Be3 Qa6 (15... Qc7 16. Bc5 Rfe8 17. Bxe7 Rxe7 18. e3 Qe5 19. Re1 Bf5 20. Nd4
Bg6 21. Qa4 {1-0 Basin,L-Malevinsky,A/Kostroma 1985/ (65)}) (15... d4 16. Bxd4
Nxd4 17. Qxd4 Qxd4 18. Nxd4 Bxh3 19. Bxh3 Rxd4 20. Rfd1 Rfd8 21. Rxd4 Rxd4 22.
Rc2 {1-0 Popov,V-Bezgodov,A/Samara 2000/ (68)}) 16. Bc5 {[%mdl 16] White is
probabaly slightly better in this line due to good piece play and excellent
target in the isolated d5 pawn.} Rfe8 (16... d4 17. Bxe7 Nxe7 18. Nxd4 Qb6 19.
e3 Qxb2 20. Qc2 Qxc2 21. Rxc2 b6 22. Rfc1 $14) 17. e3 Bxc5 (17... Ne4 18. Nxd5
Bxc5 19. Nxc5 Nxc5 20. Rxc5 Qxa2 21. Qa1 Qxa1 22. Rxa1 $14) 18. Nxc5 Qb6 19.
Nxd7 (19. N3a4 Qc7) 19... Rxd7 (19... Nxd7 20. Nxd5 Qxb2 21. Rb1 (21. Qb3 Qxb3
22. axb3 $14) 21... Qxa2 22. Rxb7 Nc5 23. Rc7 Ne4 24. Rxc6 Rxd5 25. Qg4 $14)
20. Na4 (20. Nxd5 $2 Nxd5 21. Bxd5 Red8 22. e4 Ne7 $15) 20... Qc7 (20... Qb5
21. Nc5 Rc7 22. Qb3 $14) 21. Nc5 Rde7 (21... Rd6 22. Qa4 $14) 22. Qa4 Qb6 (
22... Ne4 23. b4 $1 $16) 23. Nxb7 $1 Ne5 (23... Qxb7 24. Qxc6 Qxb2 25. Bxd5 $16
) 24. Na5 Nd3 (24... Qxb2 25. Rc2 Qb6 26. Nc6 Rc7 27. Nxe5 Rxe5 28. Rxc7 Qxc7
29. Rd1 $14) 25. Rc2 Rc7 $6 {Black complicates matters, but will end up in a
position with a pawn down and poorly coordinated pieces.} (25... Nxb2 26. Qa3
Nd3 27. Qxd3 Qxa5 28. Rd1 $14) 26. Rxc7 Qxc7 27. b4 Rc8 28. Qb5 Qc3 (28... Ne5
29. Nb3 $16) 29. a3 Qxa3 30. Nc6 Re8 (30... a6 31. Qb7 Re8 32. Ne7+ Kh7 33.
Nxd5 $16) (30... Kh8 31. Qb7 Rf8 32. b5 $16) 31. Bxd5 Nxf2 $2 {Radical method
of turning the tables, but white has perfect defendse ready.} (31... a6 32. Qc4
Nxd5 33. Qxd5 Nxb4 34. Qc5 a5 35. Nxa5 $16) 32. Rxf2 Rxe3 (32... Qxe3 33. Kg2
$18) 33. Kh2 Kh7 (33... Rxg3 $2 34. Qb8+ Kh7 35. Qxg3 $18) 34. Bxf7 Rxg3 35.
Qf5+ (35. Qf5+ Kh8 36. Ne5 (36. Qc8+ Kh7 37. Ne7 Ng4+ 38. Qxg4 Rxg4 39. hxg4 h5
40. g5 $18) 36... Qe3 37. Qc8+ Kh7 38. Bg8+ Nxg8 39. Qc2+ g6 40. Qc7+ Kh8 41.
Nf7+ Kg7 42. Ng5+ $18) 1-0

[Event "Biel"]
[Site "Biel"]
[Date "1992.??.??"]
[Round "10"]
[White "Miles, Anthony John"]
[Black "Lautier, Joel"]
[Result "1-0"]
[WhiteElo "2595"]
[BlackElo "2580"]
[Annotator "Ftacnik,L"]
[PlyCount "135"]
[EventDate "1992.07.??"]
[EventType "tourn"]
[EventRounds "14"]
[EventCountry "SUI"]
[EventCategory "16"]
[SourceTitle "CBM 031"]
[Source "ChessBase"]
[SourceDate "1992.12.01"]
[SourceVersion "1"]
[SourceVersionDate "1992.12.01"]
[SourceQuality "1"]

1. Nf3 c5 2. c4 Nf6 3. Nc3 e6 4. g3 d5 5. cxd5 exd5 6. d4 Nc6 7. Bg2 Be7 8. O-O
O-O 9. dxc5 Bxc5 10. Bg5 d4 11. Bxf6 Qxf6 12. Nd5 Qd8 13. Nd2 Re8 14. Rc1 Bf8
15. Nf4 Bg4 (15... Qa5 16. Nc4 Qd8 17. a3 Bf5 18. Qb3 Qd7 19. Rfd1 Rad8 20. Ne3
Be4 21. Bxe4 Rxe4 22. Nc4 $14 {Browne,W-Salazar/Santiago/1981/}) (15... Bf5 16.
Qb3 Qd7 17. Qb5 Rac8 18. Nb3 Re5 19. Bxc6 Rxb5 20. Bxd7 Bxd7 21. Rxc8 Bxc8 22.
Rc1 Be6 23. Nxe6 fxe6 24. Rc4 $14 {Podzielny,K-Pierecker,M/Vienna op/1991/})
16. Bf3 Bxf3 (16... Bf5 17. Qb3 $14) 17. Nxf3 Bd6 18. Nd3 (18. Nxd4 $6 Bxf4 19.
Nxc6 Qxd1 20. Rcxd1 bxc6 21. gxf4 Rxe2 $15) 18... Qd7 19. a3 Re4 20. Re1 Rae8
21. Rc2 h5 (21... a5 22. Qd2 h5 23. Qg5 $14) 22. b4 h4 23. b5 Nd8 (23... Ne7
24. a4 Ng6 $14) 24. a4 hxg3 25. hxg3 Ne6 (25... Qh3 $2 26. Ng5 Qh5 27. Nxe4
Rxe4 28. Kg2 $18) 26. Kg2 Nc7 27. Rh1 Nd5 28. Rh3 f6 (28... Nc3 29. Qh1 Kf8 30.
e3 $16) 29. Qh1 Kf7 30. Rh8 Qg4 (30... Rxh8 31. Qxh8 Nc3 32. e3 $16) 31. Rxe8
Rxe8 32. Rc4 Rxe2 (32... Bxg3 33. Rxd4 Nf4+ (33... Bf4+ 34. Kf1 Qf5 35. e4 Rxe4
36. Rxe4 Qxe4 37. Ng5+ $18) 34. Kf1 $1 $18) 33. Rxd4 Qf5 (33... Ne3+ 34. Kg1
Qe6 35. Ng5+ fxg5 36. Qh5+ Kg8 37. Qxe2 $18) 34. Kf1 Re7 (34... Ra2 35. Rxd5
Qxd5 36. Nfe5+ Ke6 37. Nf4+ $18) 35. Nh4 Ne3+ $8 36. Kg1 Qe6 37. Qf3 Nc2 38.
Qh5+ Kg8 39. Rg4 Ne1 40. Ng6 Re8 (40... Nxd3 41. Qh8+ Kf7 42. Qf8#) 41. Qh8+
Kf7 42. Nge5+ $1 Ke7 43. Qxg7+ Kd8 44. Nf7+ Kc8 45. Re4 Nf3+ (45... Qxe4 46.
Nxd6+ Kd8 47. Nxe4 $18) 46. Kg2 Ne5 47. Ndxe5 Bxe5 (47... fxe5 48. Qg4 $18) 48.
Qg6 Kc7 (48... Qd5 49. Nd6+ $18) 49. Nxe5 Qd5 50. Qh7+ Kc8 (50... Kb8 51. Nd7+
Ka8 52. Nxf6 $19) 51. Kh2 fxe5 52. Qf5+ Kb8 53. Rh4 Qc5 54. Rh5 Kc7 (54... Rf8
55. Qxe5+ Qxe5 56. Rxe5 Rxf2+ 57. Kh3 $18) 55. Rh7+ Re7 56. Rh6 Re8 57. Qf7+
Re7 58. Qf8 e4 59. a5 e3 60. b6+ axb6 61. axb6+ Kd7 62. Qf3 $1 exf2 (62... e2
63. Qxb7+ Ke8 64. Qa8+ Kf7 (64... Kd7 65. Qa4+ Kc8 66. Rc6+ $18) 65. Qf3+ Kg8 (
65... Ke8 66. b7 e1=Q 67. b8=Q+ Kd7 68. Qfb7+) 66. Qg4+ Kf8 67. Rf6+ Ke8 68. b7
$18) 63. Qxb7+ Ke8 64. Qa8+ Kd7 (64... Kf7 65. Rh7+ Ke6 66. Qe4+ Kd7 67. Qxe7+
Qxe7 68. Rxe7+ Kxe7 69. Kg2 $18) 65. Qa4+ Kc8 66. Rc6+ Kb8 67. Rxc5 f1=Q 68.
Qf4+ {Ftacnik,L} 1-0

[Event "RUS-CHN Summit Juniors 2nd"]
[Site "Moscow"]
[Date "2004.08.11"]
[Round "2"]
[White "Zhou, Jianchao"]
[Black "Malysheva, Polina"]
[Result "1-0"]
[WhiteElo "2385"]
[BlackElo "2364"]
[Annotator "Ftacnik,L"]
[PlyCount "67"]
[EventDate "2004.08.10"]
[EventType "schev"]
[EventRounds "6"]
[EventCountry "RUS"]
[SourceTitle "CBM 103"]
[Source "ChessBase"]
[SourceDate "2004.11.11"]
[SourceVersion "1"]
[SourceVersionDate "2004.11.11"]
[SourceQuality "1"]
[WhiteTeam "China"]
[BlackTeam "Russia"]
[WhiteTeamCountry "CHN"]
[BlackTeamCountry "RUS"]

1. d4 d5 2. c4 e6 3. Nc3 c5 4. cxd5 exd5 5. Nf3 Nc6 6. g3 Nf6 7. Bg2 Be7 8. O-O
O-O 9. Bg5 cxd4 10. Nxd4 h6 11. Be3 Re8 12. Rc1 Bf8 13. Na4 Bd7 14. Nc5 Nxd4 (
14... Na5 15. b3 Rc8 16. Nxd7 Qxd7 17. Qd3 Nc6 18. Nxc6 bxc6 19. Rfd1 Qb7 20.
Bc5 Bxc5 21. Rxc5 Qe7 22. Rc2 Qa3 23. e3 {1-0 Kramnik,V-Illescas Cordoba,M/
Linares 1994/ (38)}) (14... Bxc5 15. Rxc5 Qb6 (15... Qe7 16. Rc1 Ng4 17. Rc3
Nxe3 18. Rxe3 Qb4 19. Nc2 Qxb2 20. Bxd5 Be6 21. Bxe6 Rxe6 22. Rxe6 fxe6 23. Qb1
Qxb1 24. Rxb1 b6 {1/2-1/2 Lingnau,C-Asendorf,J/Bad Zwischenahn 2002/ (48)}) 16.
Qc1 Ne5 17. Nb3 Qa6 18. Re1 b6 19. Rc7 Neg4 20. Bd4 Qxa2 21. h3 Qxb3 22. hxg4
Rac8 23. g5 Qb4 {1/2-1/2 Baron Rodriguez,J-Frois,A/La Coruna 1996/ (42)}) (
14... Bg4 15. Nxb7 Nxd4 16. Qxd4 Qb6 17. Nc5 Bxe2 18. Rfe1 Bc4 19. Na4 Qxd4 20.
Bxd4 Bxa2 21. Nc3 Rxe1+ {1/2-1/2 Giemsa,S-Wiersma,E/Bad Wiessee 2003/ (21)})
15. Bxd4 Bc6 16. Re1 {In this type of positions it is usually very difficult
to improve on the tiny advantage for white.} (16. e3 Ne4 17. b4 a5 18. a3 axb4
19. axb4 Bb5 20. Re1 b6 21. Nxe4 dxe4 22. Bf1 Bxf1 23. Rxf1 Re6 24. Qb3 Qd7 {
1/2-1/2 Schmidt,L-Kato,T/Tokyo 1990/ (35)}) (16. Rc2 Ne4 17. Nd3 Rc8 18. Nf4
Bd6 19. Nd3 a6 20. b3 Qg5 21. Ne1 Bb4 22. Nf3 Qf5 23. Nh4 Qe6 24. Bxg7 Nd2 25.
Bb2 Qxe2 26. Nf5 {1/2-1/2 Harika,D-Richards,H/Mallorca 2004 (35)}) 16... Ne4
17. e3 Qg5 (17... Bxc5 18. Bxc5 Qf6 19. Re2 Nxc5 20. Rxc5 Rad8 21. Rd2 $14) 18.
Re2 (18. Nd3 Qf5 19. Nf4 $14) 18... Qf5 19. Rec2 Ng5 (19... Rac8 20. Nd3 Ba4
21. b3 $14) 20. h4 (20. Nb3 Ba4 $14) (20. Qh5 g6 21. Qd1 Ne6 $14) 20... Nh3+ $2
{[%mdl 64] Malysheva falls for the great tactical combination, surprizingly
black queen will be trapped on f2!} (20... Ne6 21. Nb3 $14) (20... Bxc5 21.
Bxc5 Nh3+ 22. Kf1 $1 $16) 21. Kh2 Nxf2 22. Rxf2 $1 Qxf2 23. e4 Bxc5 24. Rxc5 (
24. Bxf2 Bxf2 25. exd5 Bb5 26. Qg4 $16) 24... Ba4 $8 25. Qxa4 (25. b3 Qxa2 26.
bxa4 dxe4 27. Qg4 g6 28. Qf4 $16) 25... Qd2 (25... Rxe4 26. Bxf2 Rxa4 27. Bxd5
$18) 26. Bc3 Qe3 27. Rxd5 {Black has managed to save the queen's life but the
cost is enormous. White enjoys two bishops and complete control of the board.}
Rad8 28. Qd1 Qb6 (28... Rxd5 29. exd5 f6 30. Qd4 $18) 29. Qg4 f6 (29... Qg6 30.
Qxg6 fxg6 31. e5 $18) (29... g6 30. Ba5 $18) 30. e5 $5 (30. Ba5 $18) 30... fxe5
(30... f5 31. Qxf5 Rf8 32. Rxd8 Qxd8 33. Qe6+ Kh8 34. Qg6 $18) 31. Bxe5 g6 (
31... Rxe5 32. Rxe5 $18) 32. Qc4 {The chinese women player had many good
options, but she finds a way to mate her haunted opponent.} (32. Bd4 Qa6 33.
Rd7 $18) 32... Rxd5 (32... Qe6 33. Rxd8 $1 Qxc4 34. Bd5+ Qxd5 35. Rxd5 $18) 33.
Bxd5+ Kh7 (33... Kf8 34. Qf4+ Ke7 35. Qf7+ Kd8 36. Bf6+ $18) 34. Bg8+ $1 1-0